Od logického programování k paralelismu.

Logické programovanie zasadené do kontextu paralelizmu bolo východiskom vzniku novej rodiny paralelných programovacích jazykov. Uvedenie základných myšlienok a techník, ktoré z týchto jazykov vytvárajú mocný a elegantný nástroj pre popis a implementáciu paralelných algoritmov. Praktické implementáci...

ver descrição completa

Na minha lista:
Detalhes bibliográficos
Autor principal: Zlatuška, J.
Formato: Capítulo de Livro
Idioma:tcheco
Assuntos:
Tags: Adicionar Tag
Sem tags, seja o primeiro a adicionar uma tag!

MARC

LEADER 00000naa a2200000 4500
001 r007399
005 20221125080354.7
041 0 |a cze 
044 |a [CS] 
245 1 0 |a Od logického programování k paralelismu.  |c J. Zlatuška 
520 |a Logické programovanie zasadené do kontextu paralelizmu bolo východiskom vzniku novej rodiny paralelných programovacích jazykov. Uvedenie základných myšlienok a techník, ktoré z týchto jazykov vytvárajú mocný a elegantný nástroj pre popis a implementáciu paralelných algoritmov. Praktické implementácie a modely paralelného programovania. 
610 2 0 |a jazyky programovacie 
610 2 0 |a programovanie 
610 2 0 |a algoritmy 
610 2 0 |a modely 
610 2 0 |a logika 
100 1 |a Zlatuška, J.